000 00399nam a22001337a 4500
003 SGT
020 _a818962234X
082 _a080
_bM07M
100 _aमित्तल, सतीश चंद्र
245 _aमुस्लिम शासक तथा भारतीय जन समाज
260 _b सुरुचि प्रकाशन
_c2007
300 _a190
942 _2ddc
_cBK
999 _c31494
_d31494